| 000 | 00524nam a2200205Ia 4500 | ||
|---|---|---|---|
| 005 | 20250425161545.0 | ||
| 008 | 250425s9999 xx 000 0 und d | ||
| 020 | _a0878140956 | ||
| 041 | _aeng | ||
| 082 | _a622.1828 | ||
| 100 | _aHURST, WILLIAM | ||
| 245 | 0 | _aRESERVOIR ENGINEERING AND CONFORMAL MAPPING OF OIL AND GAS FIELDS | |
| 250 | _aS.E. | ||
| 260 |
_aEstados Unidos _bPETROLEUM PUBLISHING _c1979 |
||
| 260 | _aTULSA | ||
| 300 | _a122 | ||
| 650 | _aINGENIERIA PETROLERA | ||
| 942 | _c01 | ||
| 010 | _a22973 | ||
| 999 |
_c211568 _d211568 |
||